000 01237nam a2200217Ia 4500
003 Ost
005 20260507075731.0
008 260507s9999||||xx |||||||||||||| ||und||
040 _cfsecg
041 _aara
082 _a364.133
100 _aالنمري، خلف بن سليمان بن صالح
_eمؤلف
245 0 _aالجرائم الاقتصادية و أثرها على التنمية في الاقتصاد الاسلامي /
_c خلف بن سليمان بن صالح النمري
260 _aالاسكندرية:
_bمؤسسة شباب الجامعة,
_c1999
300 _a48 صفحة؛
504 _aببليوغرافيا : ص. 46-47.
520 _aهذا الكتاب يتناول موضوع الجرائم الاقتصادية و اثرها على التنمية في الاقتصاد الاسلامي بدأ بمفهوم الجريمة الاقتصادية،أسباب و دوافع الجرائم الاقتصادية، أنواع الجرائم الاقتصادية، الأثار السيئة للجرائم الاقتصادية، الوقاية من الجرائم الاقتصادية
653 _aالاقتصاد الاسلامي
653 _aالجرائم الاقتصادية
942 _cكتاب
999 _c46038
_d46038